[Event "Mecklenburg VP-ch U18"]
[Site "Malchow"]
[Date "2015.02.??"]
[Round "7.9"]
[White "Haase, Nicolas"]
[Black "Rothe, Nicola"]
[Result "1/2-1/2"]
[WhiteElo "1206"]
[BlackElo "1221"]
[PlyCount "39"]
[EventDate "2015.02.04"]
[EventType "swiss"]
[EventRounds "7"]
[EventCountry "GER"]
[SourceTitle "EXT 2022"]
[Source "ChessBase"]
[SourceDate "2021.10.06"]
[SourceVersion "1"]
[SourceVersionDate "2021.10.06"]
[SourceQuality "1"]

1. d4 Nf6 2. c4 g6 3. Nf3 Bg7 4. Nc3 0-0 5. Bf4 d6 6. e3 Nbd7 7. Bd3 b6 8. 0-0 Bb7 9. Re1 Kh8 10. e4 Ng8 11. Qd2 e5 12. dxe5 dxe5 13. Be3 f5 14. Bg5 Qc8 15. Nh4 f4 16. g3 Bf6 17. Bxf6+ Ndxf6 18. gxf4 Qg4+ 19. Ng2 exf4 20. Qxf4 1/2-1/2

[Event "Mecklenburg VP-ch U18"]
[Site "Malchow"]
[Date "2015.02.??"]
[Round "1.1"]
[White "Siegert, Gregor"]
[Black "Rothe, Nicola"]
[Result "1-0"]
[WhiteElo "1844"]
[BlackElo "1221"]
[PlyCount "29"]
[EventDate "2015.02.04"]
[EventType "swiss"]
[EventRounds "7"]
[EventCountry "GER"]
[SourceTitle "EXT 2022"]
[Source "ChessBase"]
[SourceDate "2021.10.06"]
[SourceVersion "1"]
[SourceVersionDate "2021.10.06"]
[SourceQuality "1"]

1. Nf3 Nf6 2. g3 g6 3. Bg2 Bg7 4. 0-0 0-0 5. d4 d5 6. b3 b6 7. Bb2 Bb7 8. Nbd2 Nbd7 9. c4 e6 10. Rc1 Rc8 11. c5 Re8 12. c6 Ba8 13. cxd7 Nxd7 14. Ne5 Nxe5 15. dxe5 1-0

[Event "Mecklenburg VP-ch U18"]
[Site "Malchow"]
[Date "2014.02.03"]
[Round "4"]
[White "Rothe, Nicola"]
[Black "Faltinath, Jonas"]
[Result "1-0"]
[WhiteElo "1250"]
[BlackElo "1165"]
[PlyCount "47"]
[EventDate "2014.02.01"]
[EventType "swiss"]
[EventRounds "7"]
[EventCountry "GER"]
[SourceTitle "EXT 2017"]
[Source "ChessBase"]
[SourceDate "2016.10.25"]
[SourceVersion "1"]
[SourceVersionDate "2016.10.25"]
[SourceQuality "1"]

1. e4 e6 2. d4 d5 3. e5 c5 4. Nf3 Nc6 5. Be3 Qb6 6. Nc3 Qxb2 7. Nb5 Nb4 8. Rc1 Na6 9. dxc5 Qb4+ 10. c3 Qa5 11. Nd6+ Bxd6 12. cxd6 Qxa2 13. Bb5+ Bd7 14. Bxd7+ Kxd7 15. 0-0 f6 16. Bd4 Nh6 17. exf6 gxf6 18. Bxf6 Rhg8 19. Be7 Nf5 20. Ne5+ Ke8 21. Qh5+ Rg6 22. Nxg6 Kd7 23. Ne5+ Kc8 24. Qe8# 1-0

[Event "Mecklenburg VP-ch U18"]
[Site "Malchow"]
[Date "2014.02.01"]
[Round "1"]
[White "Schreiber, Oliver"]
[Black "Rothe, Nicola"]
[Result "1-0"]
[WhiteElo "1710"]
[BlackElo "1250"]
[PlyCount "55"]
[EventDate "2014.02.01"]
[EventType "swiss"]
[EventRounds "7"]
[EventCountry "GER"]
[SourceTitle "EXT 2017"]
[Source "ChessBase"]
[SourceDate "2016.10.25"]
[SourceVersion "1"]
[SourceVersionDate "2016.10.25"]
[SourceQuality "1"]

1. d4 Nf6 2. c4 g6 3. Nc3 Bg7 4. e4 d6 5. f4 Nbd7 6. Nf3 0-0 7. Be2 c5 8. d5 Re8 9. 0-0 a6 10. a4 Nf8 11. Nd2 h5 12. Bf3 Ng4 13. Bxg4 Bxg4 14. Nf3 Qa5 15. Bd2 Qb4 16. Qe2 Bxf3 17. gxf3 Qb6 18. Kh1 e6 19. Rab1 Bxc3 20. Bxc3 exd5 21. cxd5 Qb3 22. Qg2 Qxa4 23. Qg5 Kh7 24. Qf6 Re5 25. fxe5 Nd7 26. Qxf7+ Kh6 27. Bd2+ g5 28. h4 1-0

[Event "GER-chT North U16"]
[Site "Berlin"]
[Date "2012.09.08"]
[Round "6.4"]
[White "Hacker, Jonathan"]
[Black "Rothe, Nicola"]
[Result "0-1"]
[WhiteElo "1058"]
[BlackElo "1101"]
[PlyCount "84"]
[EventDate "2012.09.06"]
[EventType "team-swiss"]
[EventRounds "7"]
[EventCountry "GER"]
[SourceTitle "EXT 2015"]
[Source "ChessBase"]
[SourceDate "2014.11.20"]
[SourceVersion "1"]
[SourceVersionDate "2014.11.20"]
[SourceQuality "1"]
[WhiteTeam "Halle USV"]
[BlackTeam "Neubrandenburg"]
[WhiteTeamCountry "GER"]
[BlackTeamCountry "GER"]

1. e4 e5 2. Nf3 Nc6 3. Nc3 Nf6 4. d4 exd4 5. Nxd4 Nxd4 6. Qxd4 Be7 7. Bc4 d6 8. Bf4 0-0 9. 0-0-0 Be6 10. Bxe6 fxe6 11. Qc4 Qd7 12. e5 Nh5 13. Be3 Qc6 14. Qxe6+ Rf7 15. g4 Nf6 16. exf6 Bxf6 17. Qb3 Raf8 18. g5 Bxc3 19. Qxc3 Qf3 20. h4 Qh5 21. Qb3 b6 22. Qe6 Kh8 23. Rdg1 a5 24. g6 Rf6 25. Qe7 c5 26. gxh7 Qxh7 27. Rxg7 Qxg7 28. Qe4 Rg6 29. f3 Rg2 30. h5 Qh7 31. Qxh7+ Kxh7 32. f4 Re8 33. Bd2 Ree2 34. Rd1 Kg8 35. Bc3 d5 36. Rxd5 Rg1+ 37. Rd1 Rxd1+ 38. Kxd1 Rh2 39. h6 Rxh6 40. f5 b5 41. Bxa5 Kf7 42. Bd8 Rd6+ 0-1

[Event "Mecklenburg VP-ch U14"]
[Site "Malchow"]
[Date "2011.02.14"]
[Round "3.5"]
[White "Klinge, Alexandra"]
[Black "Rothe, Nicola"]
[Result "1-0"]
[WhiteElo "1043"]
[BlackElo "1200"]
[PlyCount "43"]
[EventDate "2011.02.14"]
[EventType "swiss"]
[EventRounds "7"]
[EventCountry "GER"]
[SourceTitle "EXT 2022"]
[Source "ChessBase"]
[SourceDate "2021.10.06"]
[SourceVersion "1"]
[SourceVersionDate "2021.10.06"]
[SourceQuality "1"]

1. e4 e5 2. Nf3 Nc6 3. d4 exd4 4. Nxd4 Nxd4 5. Qxd4 Nf6 6. Nc3 g6 7. Bg5 Bg7 8. e5 Qe7 9. Be2 0-0 10. exf6 Qe6 11. fxg7 Re8 12. 0-0 c6 13. Rfe1 d6 14. Qd2 Kxg7 15. Bh6+ Kg8 16. Bg4 Qxe1+ 17. Rxe1 Rxe1+ 18. Qxe1 Bxg4 19. h3 Bf5 20. Qe7 Bxc2 21. Qf6 g5 22. Qg7# 1-0

[Event "Mecklenburg VP-ch U12"]
[Site "Malchow"]
[Date "2009.02.10"]
[Round "6.7"]
[White "Rothe, Nicola"]
[Black "Gerloff, Sebastian"]
[Result "1-0"]
[WhiteElo "920"]
[BlackElo "977"]
[PlyCount "73"]
[EventDate "2009.02.07"]
[EventType "swiss"]
[EventRounds "7"]
[EventCountry "GER"]
[SourceTitle "EXT 2022"]
[Source "ChessBase"]
[SourceDate "2021.10.06"]
[SourceVersion "1"]
[SourceVersionDate "2021.10.06"]
[SourceQuality "1"]

1. e4 d5 2. exd5 Qxd5 3. Nc3 Qe5+ 4. Be2 c6 5. Nf3 Qa5 6. 0-0 Nf6 7. d3 Bf5 8. Bd2 Nbd7 9. Ne4 Qd8 10. Ng3 Bg4 11. d4 e6 12. Bg5 Be7 13. c4 0-0 14. Qc2 h6 15. Bxf6 Nxf6 16. Qd3 Qc7 17. Bd1 Rfd8 18. Bc2 Rd7 19. Ne5 Bf5 20. Nxf5 Rdd8 21. Nxe7+ Qxe7 22. Ng4 g6 23. Nxh6+ Kg7 24. Qe3 Rh8 25. Nxf7 Qxf7 26. Qd3 Rh6 27. Rfe1 Qc7 28. g3 Re8 29. Re2 Reh8 30. Kg2 Rxh2+ 31. Kf3 R8h6 32. Rae1 Qf7 33. Ke3 Ng4+ 34. Kd2 Rxf2 35. Bd1 Nh2 36. Kc1 Nf3 37. Rxf2 1-0

[Event "Mecklenburg VP-ch U12"]
[Site "Malchow"]
[Date "2009.02.09"]
[Round "5.6"]
[White "Nguyen, Hoang Anh"]
[Black "Rothe, Nicola"]
[Result "1/2-1/2"]
[WhiteElo "816"]
[BlackElo "920"]
[PlyCount "120"]
[EventDate "2009.02.07"]
[EventType "swiss"]
[EventRounds "7"]
[EventCountry "GER"]
[SourceTitle "EXT 2022"]
[Source "ChessBase"]
[SourceDate "2021.10.06"]
[SourceVersion "1"]
[SourceVersionDate "2021.10.06"]
[SourceQuality "1"]

1. e4 e5 2. Nf3 Nc6 3. Nc3 Nf6 4. Bb5 d6 5. 0-0 Bd7 6. d4 Be7 7. Bg5 0-0 8. Bxc6 Bxc6 9. Bxf6 Bxf6 10. d5 Bd7 11. b3 Qc8 12. Ne1 b5 13. Qe2 Rb8 14. b4 a5 15. Rb1 axb4 16. Rxb4 Qa6 17. Nd3 Qa3 18. Rb3 Qa5 19. Rfb1 Rb7 20. a4 Rfb8 21. Nc1 b4 22. Qe3 Bxa4 23. Nxa4 Qxa4 24. g4 h6 25. c3 Bg5 26. Qe1 Bxc1 27. Qxc1 f6 28. h4 g5 29. hxg5 fxg5 30. Kg2 Kg7 31. f3 Qb5 32. Qd2 bxc3 33. Rxb5 cxd2 34. Rxb7 Rxb7 35. Rd1 Rb2 36. Kf2 Kg6 37. Ke2 h5 38. gxh5+ Kxh5 39. Rxd2 Rxd2+ 40. Kxd2 Kh4 41. Ke2 g4 42. fxg4 Kxg4 43. Ke3 Kg5 44. Kd3 Kf6 45. Kc4 Ke7 46. Kb5 Kd7 47. Kc4 c6 48. dxc6+ Kxc6 49. Kd3 Kc5 50. Ke3 d5 51. exd5 Kxd5 52. Kd3 Ke6 53. Ke4 Kf6 54. Kf3 Kf5 55. Ke3 e4 56. Kf2 Kf4 57. Ke2 e3 58. Ke1 Ke4 59. Ke2 Kd4 60. Ke1 Kd3 1/2-1/2

[Event "Mecklenburg VP-ch U12"]
[Site "Malchow"]
[Date "2009.02.07"]
[Round "1.2"]
[White "Rothe, Nicola"]
[Black "Siegert, Gregor"]
[Result "0-1"]
[WhiteElo "920"]
[BlackElo "1303"]
[PlyCount "106"]
[EventDate "2009.02.07"]
[EventType "swiss"]
[EventRounds "7"]
[EventCountry "GER"]
[SourceTitle "EXT 2022"]
[Source "ChessBase"]
[SourceDate "2021.10.06"]
[SourceVersion "1"]
[SourceVersionDate "2021.10.06"]
[SourceQuality "1"]

1. e4 c5 2. d4 cxd4 3. Qxd4 Nc6 4. Qd1 Nf6 5. Nc3 a6 6. Nf3 d6 7. Bd3 e6 8. 0-0 Be7 9. Be3 0-0 10. Qd2 e5 11. Rad1 Be6 12. Nd5 Bxd5 13. exd5 Nb8 14. Bh6 gxh6 15. Qxh6 e4 16. Ng5 Nbd7 17. Bxe4 Ne5 18. Bxh7+ Kh8 19. f4 Neg4 20. Qh4 Kg7 21. Rd3 Rh8 22. Rh3 Nxh7 23. Qxg4 Nxg5 24. Rxh8 Qb6+ 25. Kh1 Rxh8 26. fxg5 Qxb2 27. c4 Qe5 28. g3 Qxg5 29. Qd4+ Bf6 30. Qf2 Qe5 31. a3 Qe4+ 32. Qg2 Qxg2+ 33. Kxg2 b5 34. Rc1 Rc8 35. Kf2 Rxc4 36. Rxc4 bxc4 37. Ke2 Kg6 38. Kd1 Kh5 39. Ke1 Kg4 40. Kf2 Bb2 41. Ke3 Kh3 42. a4 Kxh2 43. g4 Kg3 44. Kd2 Kxg4 45. Kc2 Bd4 46. Kd2 f5 47. Ke2 f4 48. Kf1 Kg3 49. a5 f3 50. Ke1 Be3 51. Kf1 c3 52. Ke1 c2 53. Kf1 c1R# 0-1